000 00496nam a22001817a 4500
005 20210925064651.0
008 210925b ||||| |||| 00| 0 eng d
040 _cAloy
041 _aEnglish
082 _223
_a820.43
_bREDG
100 _aS Vidya Sagar Reddy
_9337
245 _aGreat Betrayal
260 _aHyderabad
_bVisalaandhra Publishing House
_c1996
300 _a177p.
_bPB
_c21.5x14cm
365 _b₹70.00
_c
_d₹70.00
700 _aREDDY (Vidya Sagar S)
_9338
942 _2ddc
_cGF
999 _c216384
_d216384